Bruno Sammartino's opponents - Statistics

General Stats
  • This quiz has been taken 364 times
    268 since last reset
  • The average score is 40 of 79
Answer Stats
Answer % Correct
Buddy Rogers
94%
Dr. Jerry Graham
91%
"Superstar" Billy Graham
91%
Eddie Graham
89%
Ivan Koloff
89%
Killer Kowalski
80%
Pedro Morales
77%
Stan Stasiak
77%
George "The Animal" Steele
74%
Johnny Valentine
74%
Gorilla Monsoon
69%
Greg "The Hammer" Valentine
69%
Harley Race
69%
"Macho Man" Randy Savage
69%
"Rowdy" Roddy Piper
69%
Freddie Blassie
66%
Lou Thesz
66%
Pat Patterson
66%
Stan Hansen
66%
Waldo Von Erich
66%
Blackjack Mulligan
63%
Bob Orton Sr.
63%
"Cowboy" Bob Orton
63%
Larry Zbyszko
63%
Ernie Ladd
57%
Hussein Arab
57%
Ken Patera
57%
Lou Albano
57%
Mr. Fuji
57%
Nikolai Volkoff
57%
Shohei "Giant" Baba
57%
Bill Watts
54%
Blackjack Lanza
51%
Johnny Valiant
51%
Peter Maivia
51%
The Sheik
51%
Gene Kiniski
49%
Haystacks Calhoun
49%
Jerry Valiant
49%
Jimmy Valiant
49%
The Honkytonk Man
49%
Toru Tanaka
49%
Baron Mikel Scicluna
46%
Bruiser Brody
46%
Sgt. Slaughter
46%
The Crusher
46%
Antonino Rocca
43%
Baron Von Raschke
43%
Butch Reed
43%
Killer Kahn
43%
Ray Stevens
43%
Bobby Duncum
40%
Hercules
40%
Spiros Arion
40%
Angelo Mosca
37%
Kamala
37%
Larry Hennig
37%
"Mad Dog" Maurice Vachon
37%
Paul "Butcher" Vachon
37%
The Missing Link
37%
Al Costello
34%
Arnold Skaaland
34%
Dick Murdoch
34%
John Tolos
34%
Lord Alfred Hayes
34%
Bugsy McGraw
31%
Bulldog Brower
31%
Don Leo Jonathan
31%
Gorgeous George
31%
Ox Baker
31%
Dr. Bill Miller
29%
Swede Hanson
29%
Boris Malenko
26%
Jackie Fargo
26%
King Curtis Iaukea
26%
Pampero Firpo
26%
"Sailor" Art Thomas
26%
Angelo Savoldi
23%
Tiger Jeet Singh
20%
No matching quizzes found
Score Distribution
Percent of People with Each Score
Percentile by Number Answered
Your Score History
You have not taken this quiz since the last reset